000 00422cam a22001574a 4500
005 20250605163552.0
008 250528s ||||||||||||||||||||||||d
035 _a21927
040 _aGR-AtMCL
_bgre
_dGR-AtMCL
_eAACR2
245 1 _aACTIVATE YOUR ENGLISH PRE-INTERMEDIATE (SET OF 3)
250 _a1
260 _bCambridge University Press
_bSinclair Barbara,
_c1995
942 _cBK
999 _c6984
_d6984